[Event "La Roda op 49th"]
[Site "La Roda"]
[Date "2023.04.08"]
[Round "7"]
[White "Visakh, Narayanan Rajeswari"]
[Black "Ramiro Ovejero, Juan Luis"]
[Result "1-0"]
[WhiteElo "2552"]
[BlackElo "2308"]
[PlyCount "87"]
[EventDate "2023.04.05"]
[EventType "swiss"]
[EventRounds "9"]
[EventCountry "ESP"]
[SourceTitle "CBM 213 Extra"]
[Source "ChessBase"]
[SourceDate "2023.05.31"]
[SourceVersion "1"]
[SourceVersionDate "2023.05.31"]
[SourceQuality "1"]

1. Nf3 d5 2. g3 Nc6 3. d4 Bg4 4. Bg2 e6 5. 0-0 Bd6 6. c4 Nf6 7. cxd5 Nxd5 8. Nbd2 0-0 9. Nc4 Nb6 10. Nxd6 cxd6 11. Bg5 Qd7 12. h3 Bxf3 13. Bxf3 d5 14. Bg2 Rac8 15. b3 Na8 16. Qd2 Nc7 17. Rfd1 h6 18. Be3 Nb5 19. Qb2 Nb4 20. Rdc1 Rxc1+ 21. Rxc1 Rc8 22. a4 Nd6 23. Bd2 Rxc1+ 24. Qxc1 Nc6 25. e3 Ne7 26. Bb4 Nc6 27. Ba3 b6 28. Bf1 a5 29. Bd3 Nc8 30. Qc3 N8a7 31. Kg2 Qc8 32. Bb1 Ne7 33. Qd3 Ng6 34. h4 h5 35. Bc2 e5 36. Bd1 e4 37. Qe2 Qc3 38. Bb2 Qc6 39. Qxh5 b5 40. axb5 Nxb5 41. Qg5 Nf8 42. Qd8 Nc3 43. Bxc3 Qxc3 44. Qxd5 1-0

[Event "La Roda op 49th"]
[Site "La Roda"]
[Date "2023.04.06"]
[Round "3"]
[White "Jumabayev, Rinat"]
[Black "Ramiro Ovejero, Juan Luis"]
[Result "1-0"]
[WhiteElo "2609"]
[BlackElo "2308"]
[PlyCount "99"]
[EventDate "2023.04.05"]
[EventType "swiss"]
[EventRounds "9"]
[EventCountry "ESP"]
[SourceTitle "CBM 213 Extra"]
[Source "ChessBase"]
[SourceDate "2023.05.31"]
[SourceVersion "1"]
[SourceVersionDate "2023.05.31"]
[SourceQuality "1"]

1. d4 d5 2. c4 dxc4 3. Nf3 Nf6 4. e3 Bg4 5. Bxc4 e6 6. Nc3 Nc6 7. h3 Bh5 8. 0-0 a6 9. Be2 Bd6 10. b3 0-0 11. Bb2 Qe7 12. Rc1 Nd5 13. Ne4 f5 14. Nc5 Bxc5 15. Rxc5 Rad8 16. Ba3 Ndb4 17. Qc1 a5 18. Qc4 Qd7 19. Bxb4 axb4 20. Rc1 Qe7 21. Qb5 Rb8 22. R1c2 Rfd8 23. Qc4 Rd6 24. g3 Ra8 25. Rxf5 Na5 26. Rxa5 Rxa5 27. Qxc7 Qxc7 28. Rxc7 Rc6 29. Rxb7 Rc2 30. g4 Rxe2 31. gxh5 Raxa2 32. Rb8+ Kf7 33. Ng5+ Ke7 34. Rb7+ Ke8 35. Ne4 Re1+ 36. Kg2 Rxe3 37. Nd6+ Kd8 38. Rxg7 Rxb3 39. Rxh7 Rd3 40. h6 Rxd4 41. Rg7 Rh4 42. Kg3 Rh5 43. Kg4 Rxh6 44. Nf7+ Kc8 45. Nxh6 b3 46. Rg5 b2 47. Rb5 Kc7 48. Kf3 Kc6 49. Rb8 Kc5 50. Ng4 1-0

[Event "ESP-chT CECLUB Honor"]
[Site "Toledo"]
[Date "2021.10.15"]
[Round "5.4"]
[White "Batsiashvili, Nino"]
[Black "Ramiro Ovejero, Juan Luis"]
[Result "1-0"]
[WhiteElo "2484"]
[BlackElo "2333"]
[PlyCount "63"]
[EventDate "2021.10.11"]
[EventType "team-tourn"]
[EventRounds "7"]
[EventCountry "ESP"]
[SourceTitle "CBM 204 Extra"]
[Source "ChessBase"]
[SourceDate "2021.11.30"]
[SourceVersion "1"]
[SourceVersionDate "2021.11.30"]
[SourceQuality "1"]
[WhiteTeam "Costa Calida"]
[BlackTeam "Jaime Casas"]
[WhiteTeamCountry "ESP"]
[BlackTeamCountry "ESP"]

1. c4 e5 2. Nc3 Bb4 3. Nd5 a5 4. a3 Bc5 5. Nf3 d6 6. d4 exd4 7. Nxd4 Ne7 8. Bg5 f6 9. Bf4 0-0 10. e3 Bxd4 11. Qxd4 Na6 12. Bd3 Nc6 13. Qc3 Ne5 14. Bxe5 fxe5 15. Qxa5 Qg5 16. Nxc7 Nxc7 17. Qxc7 Qxg2 18. 0-0-0 Qxf2 19. Rhg1 Qxe3+ 20. Kb1 Qh6 21. Be4 Bf5 22. Bxf5 Rxf5 23. Rxd6 g6 24. Qxb7 Raf8 25. c5 R5f7 26. Qd5 Qxh2 27. Rg2 Qh1+ 28. Ka2 Qc1 29. Rf2 Kg7 30. Rd7 Rxd7 31. Qxd7+ Kh6 32. Rxf8 1-0

[Event "ESP-chT CECLUB Honor"]
[Site "Toledo"]
[Date "2021.10.11"]
[Round "1.3"]
[White "Ramiro Ovejero, Juan Luis"]
[Black "Cramling, Pia"]
[Result "0-1"]
[WhiteElo "2333"]
[BlackElo "2447"]
[PlyCount "86"]
[EventDate "2021.10.11"]
[EventType "team-tourn"]
[EventRounds "7"]
[EventCountry "ESP"]
[SourceTitle "CBM 204 Extra"]
[Source "ChessBase"]
[SourceDate "2021.11.30"]
[SourceVersion "1"]
[SourceVersionDate "2021.11.30"]
[SourceQuality "1"]
[WhiteTeam "Jaime Casas"]
[BlackTeam "Silla Bosch Serinsys"]
[WhiteTeamCountry "ESP"]
[BlackTeamCountry "ESP"]

1. d4 Nf6 2. Bg5 Ne4 3. Bf4 c5 4. f3 Qa5+ 5. c3 Nf6 6. d5 e6 7. e4 exd5 8. exd5 d6 9. Nd2 Be7 10. Nc4 Qd8 11. a4 0-0 12. Ne2 Re8 13. g4 Na6 14. Kf2 Nc7 15. Ne3 Nd7 16. Nf5 Nb6 17. Nxe7+ Qxe7 18. c4 Nxc4 19. Nc3 Ne5 20. Qd2 Bd7 21. Re1 Qh4+ 22. Bg3 Qf6 23. Qf4 Qg6 24. Rd1 Rad8 25. h4 h5 26. gxh5 Qxh5 27. Rg1 Bf5 28. Bh2 Ng6 29. Qg3 Qxh4 30. Qxh4 Nxh4 31. Rg5 f6 32. Rh5 g5 33. Bd3 Bxd3 34. Rxd3 Kg7 35. Ne4 Kg6 36. Rxh4 gxh4 37. Nxd6 Re7 38. Nxb7 Rxd5 39. Rxd5 Nxd5 40. Nxc5 Kf5 41. Bd6 Rg7 42. Nd3 h3 43. Bg3 Rb7 0-1

[Event "Aragon-chT Honor Titulo"]
[Site "Aragon"]
[Date "2021.06.05"]
[Round "10.4"]
[White "Bayo Milagro, Alvaro"]
[Black "Ramiro Ovejero, Juan Luis"]
[Result "1/2-1/2"]
[WhiteElo "2257"]
[BlackElo "2345"]
[PlyCount "73"]
[EventDate "2021.05.15"]
[EventType "team-tourn"]
[EventRounds "10"]
[EventCountry "ESP"]
[SourceTitle "EXT 2024"]
[Source "ChessBase"]
[SourceDate "2023.10.10"]
[SourceVersion "1"]
[SourceVersionDate "2023.10.10"]
[SourceQuality "1"]
[WhiteTeam "Casablanca MyInvestor"]
[BlackTeam "Jaime Casas"]
[WhiteTeamCountry "ESP"]
[BlackTeamCountry "ESP"]

1. c4 e5 2. Nc3 Bb4 3. Nd5 Na6 4. a3 Ba5 5. b4 c6 6. Nc3 Bc7 7. d4 Nf6 8. Bg5 h6 9. Bh4 Qe7 10. d5 e4 11. e3 Be5 12. Rc1 g5 13. Bg3 d6 14. Nge2 c5 15. h4 0-0 16. hxg5 hxg5 17. Bxe5 Qxe5 18. Ng3 Bg4 19. Be2 Bxe2 20. Qxe2 Kg7 21. Qb2 Rh8 22. Ke2 Rh4 23. Qa1 Kg6 24. b5 Nb8 25. Qb1 Rxh1 26. Nxh1 Nbd7 27. f3 Re8 28. Nf2 Qh2 29. Rg1 Nh5 30. Ncxe4 f5 31. g4 Nf4+ 32. exf4 fxe4 33. fxg5 Kxg5 34. fxe4 Rf8 35. Rf1 Ne5 36. Qc1+ Kg6 37. Ke1 1/2-1/2

[Event "Titled Tuesday intern op 09th Mar"]
[Site "Chess.com INT"]
[Date "2021.03.09"]
[Round "4"]
[White "Ramiro Ovejero, Juan Luis"]
[Black "Friedel, Tom"]
[Result "1-0"]
[WhiteElo "2345"]
[BlackElo "2295"]
[PlyCount "79"]
[EventDate "2021.03.09"]
[EventType "swiss (blitz)"]
[EventRounds "11"]
[EventCountry "USA"]
[SourceTitle "CBM 201 Extra"]
[Source "ChessBase"]
[SourceDate "2021.05.31"]
[SourceVersion "1"]
[SourceVersionDate "2021.05.31"]
[SourceQuality "1"]

1. d4 c6 2. e4 d5 3. e5 Bf5 4. h4 h5 5. Bd3 Bxd3 6. Qxd3 e6 7. Bg5 Qb6 8. Nd2 Ne7 9. Ngf3 Nf5 10. 0-0 Nd7 11. Rfd1 Be7 12. Bxe7 Nxe7 13. Nf1 0-0 14. Ng3 g6 15. Ng5 Nf5 16. Nxf5 exf5 17. e6 fxe6 18. Nxe6 Rf6 19. Nf4 Nf8 20. Qg3 Kh7 21. Re1 Rf7 22. Nh3 Kg7 23. Ng5 Rd7 24. Qe5+ Kg8 25. Qf6 Qd8 26. Qe5 Rc8 27. Re3 Rcc7 28. Rae1 Rg7 29. Nh3 Nh7 30. Qg3 Nf6 31. f3 Qf8 32. Nf4 Qd6 33. Qg5 Nh7 34. Re8+ Nf8 35. Ne6 Rge7 36. Rxf8+ Kh7 37. Qf6 Rg7 38. Ng5+ Kh6 39. Rh8+ Rh7 40. Rxh7+ 1-0

[Event "Titled Tuesday intern op 09th Mar"]
[Site "Chess.com INT"]
[Date "2021.03.09"]
[Round "3"]
[White "Ramiro Ovejero, Juan Luis"]
[Black "Voiteanu, Christian Gabriel"]
[Result "0-1"]
[WhiteElo "2345"]
[BlackElo "2123"]
[PlyCount "56"]
[EventDate "2021.03.09"]
[EventType "swiss (blitz)"]
[EventRounds "11"]
[EventCountry "USA"]
[SourceTitle "CBM 201 Extra"]
[Source "ChessBase"]
[SourceDate "2021.05.31"]
[SourceVersion "1"]
[SourceVersionDate "2021.05.31"]
[SourceQuality "1"]

1. d4 Nf6 2. Nf3 d5 3. Bf4 g6 4. e3 Bg7 5. c4 0-0 6. Nc3 c5 7. dxc5 Qa5 8. Qa4 Qxa4 9. Nxa4 Ne4 10. cxd5 Bd7 11. c6 bxc6 12. Be5 cxd5 13. Bxg7 Kxg7 14. Nc3 Nxc3 15. bxc3 Nc6 16. c4 Nb4 17. Rb1 Rab8 18. Kd2 Nxa2 19. Be2 dxc4 20. Bxc4 Rfd8 21. Rxb8 Rxb8 22. Ra1 Rb2+ 23. Ke1 Be6 24. Bxe6 fxe6 25. Ne5 a5 26. Nc4 Rc2 27. Nxa5 Nc3 28. Nb3 Ne4 0-1

[Event "Titled Tuesday intern op 19th Jan"]
[Site "Chess.com INT"]
[Date "2021.01.19"]
[Round "5"]
[White "Kaganskiy, Gleb"]
[Black "Ramiro Ovejero, Juan Luis"]
[Result "0-1"]
[WhiteElo "2226"]
[BlackElo "2345"]
[PlyCount "128"]
[EventDate "2021.01.19"]
[EventType "swiss (blitz)"]
[EventRounds "11"]
[EventCountry "USA"]
[SourceTitle "CBM 200 Extra"]
[Source "ChessBase"]
[SourceDate "2021.03.31"]
[SourceVersion "1"]
[SourceVersionDate "2021.03.31"]
[SourceQuality "1"]

1. e4 d6 2. Nf3 Nf6 3. d3 e5 4. Nbd2 Be7 5. Be2 0-0 6. 0-0 c6 7. c3 Bg4 8. Re1 Nbd7 9. Nf1 Re8 10. Ng3 Bf8 11. h3 Bxf3 12. Bxf3 g6 13. d4 Bg7 14. Bg5 Qc7 15. Qd3 Nf8 16. Rad1 Ne6 17. Bc1 Rad8 18. d5 cxd5 19. exd5 Nc5 20. Qb1 a5 21. Bg5 h6 22. Bxf6 Bxf6 23. Ne4 Bg7 24. Nxc5 Qxc5 25. g4 Rf8 26. Kg2 f5 27. gxf5 gxf5 28. Rg1 Qc7 29. Kh1 Qe7 30. Rg6 Rf6 31. Rdg1 Rxg6 32. Rxg6 Rf8 33. Qg1 Kh8 34. Qg3 Rf6 35. Bh5 Rxg6 36. Qxg6 Qg5 37. Qxg5 hxg5 38. Bg6 f4 39. b3 e4 40. Bxe4 Bxc3 41. Kg2 Kg7 42. Kf3 Kf6 43. Bd3 Ke5 44. Bc4 Kd4 45. a4 b5 46. axb5 a4 47. b6 Ba5 48. b7 Bc7 49. bxa4 Kxc4 50. Kg4 Kxd5 51. Kxg5 f3 52. Kf4 Kc6 53. Kxf3 Kxb7 54. Ke4 Kc6 55. h4 d5+ 56. Kd3 Be5 57. h5 Kc5 58. h6 Kb4 59. f3 Kxa4 60. h7 Kb5 61. f4 Bh8 62. Kd2 Kc4 63. f5 Kd4 64. Kd1 Ke5 0-1

[Event "Aragon-chT Honor Titulo"]
[Site "Aragon"]
[Date "2020.06.27"]
[Round "8.2"]
[White "Ramiro Ovejero, Juan Luis"]
[Black "Romero Pallares, Daniel"]
[Result "0-1"]
[WhiteElo "2348"]
[BlackElo "2184"]
[PlyCount "108"]
[EventDate "2020.06.27"]
[EventType "team-tourn"]
[EventRounds "10"]
[EventCountry "ESP"]
[SourceTitle "EXT 2024"]
[Source "ChessBase"]
[SourceDate "2023.10.10"]
[SourceVersion "1"]
[SourceVersionDate "2023.10.10"]
[SourceQuality "1"]
[WhiteTeam "Jaime Casas"]
[BlackTeam "Palacio de Pioneros"]
[WhiteTeamCountry "ESP"]
[BlackTeamCountry "ESP"]

1. e4 c5 2. c3 g6 3. d4 cxd4 4. cxd4 d5 5. e5 Nc6 6. Nc3 Bg7 7. Bb5 Nh6 8. Bf4 e6 9. Nf3 Bd7 10. 0-0 Nf5 11. Qd2 h6 12. h3 g5 13. g4 Nfxd4 14. Nxd4 gxf4 15. Bxc6 bxc6 16. Nf3 c5 17. Rfe1 Rb8 18. Ne2 0-0 19. Nxf4 f5 20. g5 hxg5 21. Ng6 Re8 22. Nxg5 Rxb2 23. Qxb2 Qxg5+ 24. Kh2 Qxg6 25. Rg1 Qh6 26. Rg3 Kh7 27. Qb7 Re7 28. Qc7 Qf4 29. Qd8 Qxf2+ 30. Rg2 Bxe5+ 31. Kh1 Qxg2+ 32. Kxg2 Rg7+ 33. Kf3 Bxa1 34. Qh4+ Kg6 35. Qg3+ Kf6 36. Qh4+ Kf7 37. Qd8 Be8 38. Qc7+ Kf6 39. Qxc5 Be5 40. Qf8+ Bf7 41. h4 Rg3+ 42. Kf2 Rg8 43. Qh6+ Ke7 44. Qe3 Bb8 45. Qc5+ Kf6 46. Qd4+ e5 47. Qd2 f4 48. Qc2 e4 49. Qc6+ Be6 50. Qb7 Be5 51. Qh7 Bd4+ 52. Ke1 Rg1+ 53. Kd2 e3+ 54. Ke2 Bg4+ 0-1

[Event "Aragon-chT Honor Gr-I"]
[Site "Aragon"]
[Date "2020.02.08"]
[Round "3.2"]
[White "Ramiro Ovejero, Juan Luis"]
[Black "Calvo Simon, Jorge"]
[Result "1-0"]
[WhiteElo "2348"]
[BlackElo "2213"]
[PlyCount "107"]
[EventDate "2020.01.25"]
[EventType "team-tourn"]
[EventRounds "7"]
[EventCountry "ESP"]
[SourceTitle "EXT 2022"]
[Source "ChessBase"]
[SourceDate "2021.10.06"]
[SourceVersion "1"]
[SourceVersionDate "2021.10.06"]
[SourceQuality "1"]
[WhiteTeam "Jaime Casas"]
[BlackTeam "Helios"]
[WhiteTeamCountry "ESP"]
[BlackTeamCountry "ESP"]

1. e4 c5 2. c3 Nf6 3. e5 Nd5 4. Bc4 Nb6 5. Bb3 Nc6 6. Nf3 e6 7. d4 cxd4 8. cxd4 d6 9. Bg5 Be7 10. Bxe7 Qxe7 11. 0-0 0-0 12. Nc3 Rd8 13. Qe2 Na5 14. Bc2 Bd7 15. Qe4 g6 16. exd6 Qf8 17. Qh4 Bc6 18. Ng5 Qg7 19. Nge4 Nac4 20. a4 Nxd6 21. a5 Bxe4 22. Bxe4 Nbc4 23. a6 Nxe4 24. axb7 Nxc3 25. bxa8Q Ne2+ 26. Kh1 Rxa8 27. Qe4 Nb6 28. Qxe2 Qxd4 29. Ra6 Qf6 30. g3 Qf5 31. h4 Nd5 32. Kg2 Nb4 33. Ra4 Nd5 34. Rfa1 Rc8 35. Rc4 Ne3+ 36. Qxe3 Rxc4 37. Rxa7 Qd5+ 38. Qf3 Qxf3+ 39. Kxf3 Rb4 40. Ra2 Rb3+ 41. Ke4 Kg7 42. Kd4 Kf6 43. Kc4 Rb7 44. b4 Kf5 45. b5 Ke4 46. Kc5 e5 47. Kc6 Rb8 48. b6 f5 49. Kc7 Rf8 50. b7 Rf7+ 51. Kc6 Rxb7 52. Kxb7 f4 53. Ra3 fxg3 54. Rxg3 1-0

[Event "Aragon-chT Honor Gr-I"]
[Site "Aragon"]
[Date "2020.01.25"]
[Round "1.3"]
[White "Hernando Garcia, Antonio"]
[Black "Ramiro Ovejero, Juan Luis"]
[Result "0-1"]
[WhiteElo "2120"]
[BlackElo "2348"]
[PlyCount "78"]
[EventDate "2020.01.25"]
[EventType "team-tourn"]
[EventRounds "7"]
[EventCountry "ESP"]
[SourceTitle "EXT 2022"]
[Source "ChessBase"]
[SourceDate "2021.10.06"]
[SourceVersion "1"]
[SourceVersionDate "2021.10.06"]
[SourceQuality "1"]
[WhiteTeam "El Olivar"]
[BlackTeam "Jaime Casas"]
[WhiteTeamCountry "ESP"]
[BlackTeamCountry "ESP"]

1. Nf3 Nf6 2. c4 b6 3. g3 Bb7 4. Bg2 e6 5. 0-0 Be7 6. Nc3 0-0 7. d4 Na6 8. Ne5 Bxg2 9. Kxg2 Qc8 10. d5 Bb4 11. f3 Bxc3 12. bxc3 d6 13. Nc6 Re8 14. e4 Nc5 15. Nb4 a5 16. Nd3 Qa6 17. Nxc5 bxc5 18. Qa4 h6 19. Rb1 exd5 20. cxd5 Rab8 21. Qc2 Rxb1 22. Qxb1 Nd7 23. Rf2 Ne5 24. Rb2 Qc4 25. Bf4 Qxc3 26. Rb3 Qc4 27. Bxe5 Rxe5 28. Qd3 Qxd3 29. Rxd3 f5 30. Re3 Re8 31. g4 fxe4 32. fxe4 Rb8 33. Ra3 Rb4 34. Kf3 a4 35. Kf4 g5+ 36. Kf5 Kf7 37. Rf3 Rb2 38. e5 Re2 39. e6+ Kg7 0-1

[Event "ESP-chT CECLUB Honor"]
[Site "Linares"]
[Date "2019.10.05"]
[Round "6.4"]
[White "Vega Gutierrez, Sabrina Neide"]
[Black "Ramiro Ovejero, Juan Luis"]
[Result "1/2-1/2"]
[WhiteElo "2395"]
[BlackElo "2350"]
[PlyCount "151"]
[EventDate "2019.09.30"]
[EventType "team-tourn"]
[EventRounds "7"]
[EventCountry "ESP"]
[SourceTitle "EXT 2020"]
[Source "ChessBase"]
[SourceDate "2019.10.17"]
[SourceVersion "1"]
[SourceVersionDate "2019.10.17"]
[SourceQuality "1"]
[WhiteTeam "Beniajan Duochess CAC"]
[BlackTeam "Jaime Casas"]
[WhiteTeamCountry "ESP"]
[BlackTeamCountry "ESP"]

1. e4 e6 2. d4 d5 3. Nc3 Nf6 4. Bg5 dxe4 5. Nxe4 Nbd7 6. Nf3 h6 7. Nxf6+ Nxf6 8. Be3 Bd6 9. Bd3 0-0 10. Qe2 b6 11. 0-0-0 Bb7 12. Ne5 Nd5 13. Bd2 Qh4 14. g4 Nb4 15. Be4 Bxe4 16. Qxe4 Nd5 17. Qg2 Bxe5 18. dxe5 f5 19. gxf5 Rxf5 20. Qg6 Nf4 21. Bxf4 Qxf4+ 22. Kb1 Qxe5 23. Rhe1 Qf6 24. Rxe6 Qxg6 25. Rxg6 Rxf2 26. Rdg1 Rf7 27. Rxh6 Raf8 28. Re6 Rf1+ 29. Re1 Rxg1 30. Rxg1 Rf2 31. Rh1 Kh7 32. b3 Kh6 33. a4 g5 34. h3 Rf3 35. Kb2 a5 36. c4 c5 37. Re1 Rxh3 38. Re6+ Kg7 39. Rxb6 g4 40. Rc6 Rh5 41. Rc7+ Kf6 42. Rc6+ Kf7 43. Rc7+ Ke6 44. Rc6+ Kd7 45. Rg6 Rh2+ 46. Kc3 Rh3+ 47. Kc2 Rg3 48. Ra6 Rg2+ 49. Kc3 Rg3+ 50. Kb2 Rg2+ 51. Ka3 Rg1 52. Rxa5 g3 53. Ra7+ Kc6 54. Ra6+ Kb7 55. Rg6 Ka7 56. Kb2 Rg2+ 57. Kc3 Rg1 58. a5 Kb7 59. Kb2 Ka7 60. Rg5 g2 61. Rg6 Kb7 62. Ka2 Ka7 63. a6 Rh1 64. Rxg2 Kxa6 65. Rg5 Kb6 66. Ka3 Ra1+ 67. Kb2 Rh1 68. Rg3 Ka5 69. Rg6 Rh2+ 70. Ka3 Rh1 71. Rc6 Rh5 72. Kb2 Rh2+ 73. Kc3 Rh3+ 74. Kc2 Rxb3 75. Rxc5+ Kb6 76. Rb5+ 1/2-1/2

[Event "Aragon-chT Honor Titulo"]
[Site "Aragon"]
[Date "2019.03.30"]
[Round "10.3"]
[White "Quintin Navarro, Alberto"]
[Black "Ramiro Ovejero, Juan Luis"]
[Result "0-1"]
[WhiteElo "2391"]
[BlackElo "2358"]
[PlyCount "94"]
[EventDate "2019.03.16"]
[EventType "team-tourn"]
[EventRounds "10"]
[EventCountry "ESP"]
[SourceTitle "EXT 2020"]
[Source "ChessBase"]
[SourceDate "2019.10.17"]
[SourceVersion "1"]
[SourceVersionDate "2019.10.17"]
[SourceQuality "1"]
[WhiteTeam "St Casablanca"]
[BlackTeam "Jaime Casas"]
[WhiteTeamCountry "ESP"]
[BlackTeamCountry "ESP"]

1. e4 e6 2. d4 d5 3. Nc3 Nf6 4. e5 Nfd7 5. f4 c5 6. Nf3 Nc6 7. Be3 Be7 8. Qd2 0-0 9. dxc5 Bxc5 10. Bxc5 Nxc5 11. 0-0-0 a6 12. Qf2 b6 13. Kb1 f6 14. exf6 Qxf6 15. g3 Bb7 16. Bd3 Rad8 17. Rhe1 Kh8 18. Qe2 Nb4 19. Ne5 Nbxd3 20. Nxd3 Rfe8 21. Qe5 Ne4 22. Ne2 Rc8 23. Qd4 Qxd4 24. Nxd4 Rc7 25. Ne5 h6 26. Re3 g5 27. fxg5 hxg5 28. Rf3 Bc8 29. a3 Rh7 30. h4 gxh4 31. gxh4 Rh5 32. Ndc6 Nd6 33. Ng6+ Kh7 34. Nce5 Rf5 35. Rxf5 Nxf5 36. Rd3 d4 37. Rb3 b5 38. a4 Rg8 39. h5 bxa4 40. Rb6 Kh6 41. Rc6 Kxh5 42. Rc7 Kg5 43. Ka2 Nd6 44. Rc6 Rd8 45. Ka3 Kf6 46. Kb4 Bb7 47. Rc7 Be4 0-1

[Event "Aragon-chT Honor Titulo"]
[Site "Aragon"]
[Date "2019.03.16"]
[Round "8.3"]
[White "Guzman Moneo, Alberto"]
[Black "Ramiro Ovejero, Juan Luis"]
[Result "0-1"]
[WhiteElo "2170"]
[BlackElo "2358"]
[PlyCount "128"]
[EventDate "2019.03.16"]
[EventType "team-tourn"]
[EventRounds "10"]
[EventCountry "ESP"]
[SourceTitle "EXT 2020"]
[Source "ChessBase"]
[SourceDate "2019.10.17"]
[SourceVersion "1"]
[SourceVersionDate "2019.10.17"]
[SourceQuality "1"]
[WhiteTeam "Helios"]
[BlackTeam "Jaime Casas"]
[WhiteTeamCountry "ESP"]
[BlackTeamCountry "ESP"]

1. c4 e5 2. Nc3 Bb4 3. g3 Bxc3 4. dxc3 d6 5. Nf3 Be6 6. c5 Nc6 7. cxd6 Qxd6 8. Qxd6 cxd6 9. Bg2 f6 10. Nd2 Nge7 11. 0-0 0-0-0 12. e4 d5 13. exd5 Bxd5 14. Ne4 f5 15. Ng5 h6 16. Nf3 e4 17. Nd4 Nxd4 18. cxd4 g5 19. Bd2 Nc6 20. Bc3 h5 21. f3 e3 22. f4 g4 23. Rfe1 Rhe8 24. Rad1 b5 25. a3 a5 26. b4 axb4 27. axb4 Bxg2 28. Kxg2 Ne7 29. d5 Nxd5 30. Be5 Kb7 31. Rd4 Nb6 32. Rxd8 Rxd8 33. Rxe3 Rd2+ 34. Kg1 Nc4 35. Re1 Rc2 36. Bd4 Nd2 37. Re7+ Kc6 38. Bf2 Kd5 39. Re5+ Kc4 40. Rc5+ Kd3 41. Rxf5 Nf3+ 42. Kg2 h4 43. h3 Nd4 44. Rd5 gxh3+ 45. Kxh3 Rxf2 46. Kxh4 Kc4 47. Rd7 Ne2 48. Rd2 Kc3 49. Ra2 Kxb4 50. Rb2+ Kc4 51. f5 b4 52. f6 Kc3 53. Rb1 Rxf6 54. g4 b3 55. g5 Rb6 56. Kg4 Kc2 57. Re1 Nc3 58. Kh5 b2 59. g6 b1Q 60. Rxb1 Rxb1 61. g7 Rg1 62. Kh6 Ne4 63. Kh7 Nf6+ 64. Kh6 Kd3 0-1

[Event "Aragon-chT Honor Gr-A"]
[Site "Aragon"]
[Date "2019.03.09"]
[Round "7.2"]
[White "Ramiro Ovejero, Juan Luis"]
[Black "Gomez Salinas, Nestor"]
[Result "1-0"]
[WhiteElo "2358"]
[BlackElo "1999"]
[PlyCount "97"]
[EventDate "2019.01.26"]
[EventType "team-tourn"]
[EventRounds "7"]
[EventCountry "ESP"]
[SourceTitle "EXT 2020"]
[Source "ChessBase"]
[SourceDate "2019.10.17"]
[SourceVersion "1"]
[SourceVersionDate "2019.10.17"]
[SourceQuality "1"]
[WhiteTeam "Jaime Casas"]
[BlackTeam "Palacio de Pioneros II"]
[WhiteTeamCountry "ESP"]
[BlackTeamCountry "ESP"]

1. e4 c5 2. Nf3 d6 3. Bb5+ Bd7 4. Bxd7+ Nxd7 5. 0-0 Ngf6 6. Qe2 e6 7. c3 Be7 8. d4 0-0 9. Rd1 d5 10. e5 Ne4 11. Ne1 h6 12. f3 Ng5 13. Nd3 Rc8 14. Be3 b5 15. Nd2 c4 16. Nf2 b4 17. f4 bxc3 18. bxc3 Nh7 19. Nf3 Qa5 20. Qc2 Nb6 21. Rab1 Rb8 22. g4 Na4 23. Bd2 Ba3 24. Rf1 Bb2 25. Nd1 Ba3 26. f5 Rxb1 27. Qxb1 Qb6 28. Qc2 Qb5 29. f6 Rb8 30. fxg7 Kxg7 31. Nh4 Qd7 32. Ng2 Nb2 33. Nf4 Ng5 34. Nh5+ Kf8 35. Bxg5 hxg5 36. Qh7 Qe8 37. Qh6+ Ke7 38. Qxg5+ Kf8 39. Nf6 Qd8 40. Qg8+ Ke7 41. Nxd5+ Kd7 42. Qxf7+ Be7 43. Rf6 exd5 44. Qxd5+ Ke8 45. Qf7+ Kd7 46. Rd6+ Kc7 47. Rxd8 Kxd8 48. Nxb2 Rxb2 49. Qxc4 1-0

[Event "Aragon-chT Honor Gr-A"]
[Site "Aragon"]
[Date "2019.02.16"]
[Round "4.3"]
[White "Ramiro Ovejero, Juan Luis"]
[Black "Escartin Lacasa, Jose"]
[Result "1-0"]
[WhiteElo "2358"]
[BlackElo "1976"]
[PlyCount "81"]
[EventDate "2019.01.26"]
[EventType "team-tourn"]
[EventRounds "7"]
[EventCountry "ESP"]
[SourceTitle "EXT 2020"]
[Source "ChessBase"]
[SourceDate "2019.10.17"]
[SourceVersion "1"]
[SourceVersionDate "2019.10.17"]
[SourceQuality "1"]
[WhiteTeam "Jaime Casas"]
[BlackTeam "Jaque"]
[WhiteTeamCountry "ESP"]
[BlackTeamCountry "ESP"]

1. e4 c5 2. Nf3 e6 3. c3 Nf6 4. e5 Nd5 5. Bc4 d6 6. d4 cxd4 7. cxd4 Be7 8. 0-0 0-0 9. Qe2 b6 10. Bd2 Bb7 11. Nc3 Nd7 12. Bxd5 exd5 13. e6 Nb8 14. exf7+ Rxf7 15. Qe6 Qd7 16. Rfe1 Qxe6 17. Rxe6 Na6 18. Rae1 Bf8 19. Nb5 Nc7 20. Nxc7 Rxc7 21. h4 Rd8 22. Bg5 Rdd7 23. Re8 h6 24. Bf4 Kf7 25. h5 Be7 26. Rh8 Rc2 27. g4 Ba6 28. g5 hxg5 29. Bxg5 Re2 30. Rc1 Rxb2 31. Rc3 Rxa2 32. Bxe7 Rxe7 33. Ng5+ Kf6 34. Nh7+ Kf5 35. Rf3+ Kg4 36. Rg3+ Kh4 37. Rf8 Rxf2 38. Kxf2 Re2+ 39. Kf3 Rd2 40. Rf4+ Kxh5 41. Rg5+ 1-0